Patagonia 7000 años a.C.

Guardado en:
Formato: Deslizar
Materias:
Etiquetas: Agregar Etiqueta
Sin Etiquetas, Sea el primero en etiquetar este registro!
LEADER 00759ngm a22002295g 4500
001 CEM.cems022662
008 130507b2003##################0###0#####d
005 20241113153642.0
245 0 0 |a Patagonia 7000 años a.C. 
300 |a 22'. 
500 |a En soporte VHS, consultar en ventanilla. 
505 0 |a Los primeros habitantes de la Patagonia. Pinturas rupestres. Restos arqueológicos. 
538 |a Soporte: VHS - Norma: Pal N - Color: Si - Grabación DRD 2003 - Hitachi=4625 
082 9 1 |/ GEO 
653 |a ANTROPOLOGIA 
653 |a PATAGONIA 
653 |a PREHISTORIA 
653 |a ARQUEOLOGIA 
653 |a RUPESTRE 
653 |a NIVEL PRIMARIO 
653 |a NIVEL SECUNDARIO 
859 |a CEMS  |b BIB. CEMS - Depto. Recursos Didacticos  |h 918  |i GEO  |k DRD  |p 1305.12  |t Ej.1